TV Shows From Characters' First Names Quiz Stats

 Plays Quiz Updated Apr 15, 2015

Also try: 5-Star TV Shows
Challenge
Share
Tweet
Embed
Score 0/24 Timer 05:00
6 Plays Today
% Correct
Friends
98.7%
Happy Days
87.5%
The Addams Family
87.2%
The Brady Bunch
83.4%
Full House
75.3%
Frasier
72.8%
Game of Thrones
72.3%
Modern Family
72.1%
Buffy the Vampire Slayer
71.6%
Mad Men
64.6%
Leave it to Beaver
62.9%
24
61.3%
% Correct
The Walking Dead
61.2%
Desperate Housewives
60.5%
Lost
58.3%
House M.D.
54.1%
Boardwalk Empire
48.9%
The West Wing
41.4%
Homeland
40%
The Wire
34.6%
Prison Break
33.5%
Nip|Tuck
33.3%
Deadwood
30.8%
The Following
24%

You're not logged in!

Compare scores with friends on all Sporcle quizzes.
OR
Log In

You Might Also Like...

Show Comments

Extras

Top Quizzes Today


Score Distribution

Your Account Isn't Verified!

In order to create a playlist on Sporcle, you need to verify the email address you used during registration. Go to your Sporcle Settings to finish the process.

Report this User

Report this user for behavior that violates our Community Guidelines.

Details: